<?xml version="1.0" encoding="UTF-8"?>
<record
    xmlns:xsi="http://www.w3.org/2001/XMLSchema-instance"
    xsi:schemaLocation="http://www.loc.gov/MARC21/slim http://www.loc.gov/standards/marcxml/schema/MARC21slim.xsd"
    xmlns="http://www.loc.gov/MARC21/slim">

  <leader>06835nam a2200325 a 4500</leader>
  <controlfield tag="001">000000055</controlfield>
  <controlfield tag="003">DO-SdBNP</controlfield>
  <controlfield tag="005">20221123070835.0</controlfield>
  <controlfield tag="008">081112s2007 dr  001 0 spa d</controlfield>
  <datafield tag="020" ind1=" " ind2=" ">
    <subfield code="a">9789945161625</subfield>
  </datafield>
  <datafield tag="040" ind1=" " ind2=" ">
    <subfield code="a">DO-SdBNP</subfield>
    <subfield code="b">spa</subfield>
    <subfield code="c">BPMSU </subfield>
  </datafield>
  <datafield tag="082" ind1=" " ind2="4">
    <subfield code="a">RD860.44</subfield>
    <subfield code="b">R788b 2007</subfield>
    <subfield code="2">22</subfield>
  </datafield>
  <datafield tag="100" ind1="1" ind2=" ">
    <subfield code="a">Rosamantes, Jos&#xE9; de,</subfield>
    <subfield code="q">Jos&#xE9; Roberto Fern&#xE1;ndez Ram&#xED;rez,</subfield>
    <subfield code="d">1952 -</subfield>
  </datafield>
  <datafield tag="245" ind1="1" ind2="0">
    <subfield code="a">Barahona en las letras nacionales /</subfield>
    <subfield code="c">Jos&#xE9; de Rosamantes.</subfield>
  </datafield>
  <datafield tag="260" ind1=" " ind2=" ">
    <subfield code="a">Santo Domingo :</subfield>
    <subfield code="b">B&#xFA;ho,</subfield>
    <subfield code="c">2007.</subfield>
  </datafield>
  <datafield tag="300" ind1=" " ind2=" ">
    <subfield code="a">287 p. ;</subfield>
    <subfield code="c">24 cm.</subfield>
  </datafield>
  <datafield tag="500" ind1=" " ind2=" ">
    <subfield code="a">Incluye cronolog&#xED;a del quehacer literario en Barahona</subfield>
  </datafield>
  <datafield tag="504" ind1=" " ind2=" ">
    <subfield code="a">Bibliograf&#xED;a : p. 283-287</subfield>
  </datafield>
  <datafield tag="505" ind1="0" ind2=" ">
    <subfield code="a">Contextualizaci&#xF3;n general de la provincia de Barahona -- Ubicaci&#xF3;n geogr&#xE1;fica -- L&#xED;mites y extensi&#xF3;n -- Breve tr&#xE1;nsito sociohist&#xF3;rico de la provincia Barahona -- Caracter&#xED;sticas generales de la cultura literaria de Barahona -- El geolecto barahonero -- Su historia literaria -- Etapas literarias en el devenir sociohist&#xF3;rico y cultural de Barahona -- Etapa primitiva -- El folclorismo. Lo popular -- Ignacio Suero Ram&#xED;rez -- Emilio Amador F&#xE9;liz (coronel Mand&#xE9;) -- Domingo Lazala -- Lucas Decena -- Mat&#xED;as Ram&#xED;rez Suero -- Teodoro Noboa -- Etapa precl&#xE1;sica de la literatura barahonera -- Rafael Damir&#xF3;n Pelelo o Fello -- Eliseo Amable Damir&#xF3;n -- Etapa cl&#xE1;sica de la literatura barahonera -- Los primeros grupos y sociedades literarias: Castalia y Eugenio Mar&#xED;a de Hostos -- La sociedad Castalia -- Perfil literario de los representantes del grupo socioliterario Castalia -- Bol&#xED;var Figuereo Suero -- &#xC1;ngel Augusto Suero Ram&#xED;rez - Negro Suero -- Antonio Dacosta G&#xF3;mez -- Federico Natalio Cuello L&#xF3;pez (Nene Cuello) -- Secundino Ram&#xED;rez P&#xE9;rez-Ga&#xED;a -- S&#xF3;crates Nolasco -- Las hermanas Cavallo: Genara y Anita -- Genara Cavallo -- Anita Cavallo -- Luis Eduardo Suero Ram&#xED;rez -- La sociedad socioliteraria Eugenio Mar&#xED;a de Hostos -- Jos&#xE9; Altagracia Robert Espinosa -- Su obra literaria -- Mar&#xED;a Montez -- Luis Eduardo Zafra Delmonte -- Pedro Mar&#xED;a Cruz -- El Ateneo. Sus fundadores -- Jorge Nemecio Legu&#xE9;n Montoya -- Octavia Moreta de Perdomo (Do&#xF1;a Loli) -- Barahona y la generaci&#xF3;n literaria del cuarenta y ocho -- Luis Alfredo Torres -- Labor literaria -- Ana Teothiste Lafontaine "La Citella" -- Barahona en la generaci&#xF3;n literaria del sesenta. Sus representantes -- Nenfa Albania Suero -- Bonaparte Gautreaux Pi&#xF1;eyro</subfield>
  </datafield>
  <datafield tag="505" ind1="0" ind2=" ">
    <subfield code="a">Barahona y la generaci&#xF3;n literaria del setenta: sus representantes. Los clubes -- Los clubes Culturales en Barahona -- Los buenos amigos -- El club cultural Jos&#xE9; A. Robert -- Otros escritores barahoneros enmarcados dentro de la generaci&#xF3;n de los setenta -- Ivelisse Dacosta G&#xF3;mez -- Jos&#xE9; Miguel F&#xE9;liz B&#xE1;ez -- Gloria Mar&#xED;a Batista Gerardo -- Jos&#xE9; Labourt -- Jaime Shanlate Ram&#xED;rez -- Barahona y la generaci&#xF3;n literaria del ochenta. Sus representantes. El tallerismo literario en Barahona -- El tallerismo literario en la Rep&#xFA;blica Dominicana. Su incidencia en Barahona -- Henri Cuello Ram&#xED;rez -- Labor literaria -- V&#xED;ctor Manuel Cuello Ram&#xED;rez -- Su labor literaria -- H&#xE9;ctor Amauris S&#xE1;nchez Terrero -- Su labor literaria -- Jos&#xE9; Roberto Fern&#xE1;ndez Ram&#xED;rez -- Miguel An&#xED;bal Perdomo -- Su labor literaria -- Luis Miguel Vargas Domicini -- Alberti baeza Flores -- Ricardo P&#xE9;rez Mesa -- Su labor literaria -- Jos&#xE9; Antonio P&#xE9;rez Valenzuela -- Cuentos del sur -- El color rojo del amor -- Cuentos eternamente breves -- Aurora en espiral -- Oscar L&#xF3;pez Reyes -- Historia del desarrollo de Barahona -- (Casandra Damir&#xF3;n: vida y canto) -- Venas de secretos abiertas -- Perfil cultural de Barahona -- La &#xE9;tica en el periodismo -- Joaqu&#xED;n Pel&#xE1;ez Raposo -- Manuel Jim&#xE9;nez y Jim&#xE9;nez -- Arist&#xF3;fanes Urb&#xE1;ez -- Wilson G&#xF3;mez Ram&#xED;rez -- Caracter&#xED;sticas de sus obras -- La &#xE9;tica del profesional del derecho -- Efem&#xE9;rides barahoneras -- Rafael Le&#xF3;nidas P&#xE9;rez y P&#xE9;rez -- Breves comentarios de algunas de sus obras -- La di&#xE1;spora barahonera -- El Instituto Social Educativo y Cultural "C&#xE9;sar Nicol&#xE1;s Penson" -- Rafael Nino F&#xE9;liz -- Fertilizando tierras -- Abraham M&#xE9;ndez Vargas -- Su producci&#xF3;n literaria</subfield>
  </datafield>
  <datafield tag="505" ind1="0" ind2=" ">
    <subfield code="a">Comentario de algunas de sus obras -- Santiago F&#xE9;liz Garc&#xED;a -- &#xD3;vulo fecundo -- Ram&#xF3;n Alberto L&#xF3;pez Inoa -- Su labor literaria -- L&#xF3;pez Inoa: El poeta -- Praede Olivero F&#xE9;liz -- Pareces una diosa -- Juana B&#xE1;ez -- Barahona y la generaci&#xF3;n literaria del noventa -- Representantes -- Marino Berig&#xFC;ete -- Su labor literaria -- Comentario de algunas de sus obras -- V&#xED;ctor Costas Lam&#xE1;is -- Juan Matos -- Labor literaria -- Comentario sobre algunos de sus textos -- Amor de noche y mar -- Del milagro de la espera -- Aquino Marrero Flori&#xE1;n -- Gustavo Adolfo Tav&#xE1;rez Rodr&#xED;guez -- Su labor literaria -- Oscar Ernesto Moreta Matos -- Tom&#xE1;s Montes de Oca Vilomar -- Libio Amaury Matos Cordero -- Barahona frente a la generaci&#xF3;n literaria del dos mil. Representantes -- Leonardo Wilson N&#xED;n Reyes -- &#xC1;gueda Celeste Antonia Ram&#xED;rez Matos -- Nicol&#xE1;s Rodr&#xED;guez Ram&#xED;rez -- Gregorio Manuel Matos Terrero -- Gendres Alfredo Ferreras V&#xE1;squez -- Herminio P&#xE9;rez Gonz&#xE1;lez -- Francisco Gonz&#xE1;lez Terrero -- Miledys Garc&#xED;a -- Julio G&#xF3;mez F&#xE9;liz -- Fidias Omar D&#xED;az Santiago -- Bienvenido Manuel Matos P&#xE9;rez "Matop&#xE9;rez" -- Cronolog&#xED;a del quehacer literario en Barahona -- Bibliograf&#xED;a -- &#xD3;vulo fecundo -- Ram&#xF3;n Alberto L&#xF3;pez Inoa -- Su labor literaria -- L&#xF3;pez Inoa: El poeta -- Praede Olivero F&#xE9;liz -- Pareces una diosa -- Juana B&#xE1;ez -- Barahona y la generaci&#xF3;n literaria del noventa -- Representantes -- Marino Berig&#xFC;ete -- Su labor literaria -- Comentario de algunas de sus obras -- V&#xED;ctor Costas Lam&#xE1;is -- Juan Matos -- Labor literaria -- Comentario sobre algunos de sus textos -- Amor de noche y mar -- Del milagro de la espera -- Aquino Marrero Flori&#xE1;n</subfield>
  </datafield>
  <datafield tag="505" ind1="0" ind2=" ">
    <subfield code="a">Gustavo Adolfo Tav&#xE1;rez Rodr&#xED;guez -- Su labor literaria -- Oscar Ernesto Moreta Matos -- Tom&#xE1;s Montes de Oca Vilomar -- Libio Amaury Matos Cordero -- Barahona frente a la generaci&#xF3;n literaria del dos mil. Representantes -- Leonardo Wilson N&#xED;n Reyes -- &#xC1;gueda Celeste Antonia Ram&#xED;rez Matos -- Nicol&#xE1;s Rodr&#xED;guez Ram&#xED;rez -- Gregorio Manuel Matos Terrero -- Gendres Alfredo Ferreras V&#xE1;squez -- Herminio P&#xE9;rez Gonz&#xE1;lez -- Francisco Gonz&#xE1;lez Terrero -- Miledys Garc&#xED;a -- Julio G&#xF3;mez F&#xE9;liz -- Fidias Omar D&#xED;az Santiago -- Bienvenido Manuel Matos P&#xE9;rez "Matop&#xE9;rez" -- Cronolog&#xED;a del quehacer literario en Barahona -- Bibliograf&#xED;a.</subfield>
  </datafield>
  <datafield tag="590" ind1=" " ind2=" ">
    <subfield code="a">Inventariado, 2022/VM</subfield>
  </datafield>
  <datafield tag="650" ind1=" " ind2="4">
    <subfield code="a">Literatura dominicana</subfield>
    <subfield code="x">Historia y cr&#xED;tica</subfield>
  </datafield>
  <datafield tag="650" ind1=" " ind2="4">
    <subfield code="a">Autores dominicanos</subfield>
    <subfield code="v">Biograf&#xED;as</subfield>
  </datafield>
  <datafield tag="651" ind1=" " ind2="4">
    <subfield code="a">Barahona (Rep&#xFA;blica Dominicana)</subfield>
    <subfield code="x">Aspectos culturales</subfield>
  </datafield>
  <datafield tag="651" ind1=" " ind2="4">
    <subfield code="a">Barahona (Rep&#xFA;blica Dominicana)</subfield>
    <subfield code="x">Historia local</subfield>
  </datafield>
  <datafield tag="910" ind1=" " ind2=" ">
    <subfield code="a">VMateo V./Validado </subfield>
  </datafield>
  <datafield tag="942" ind1=" " ind2=" ">
    <subfield code="2">ddc</subfield>
    <subfield code="c">BK</subfield>
  </datafield>
  <datafield tag="952" ind1=" " ind2=" ">
    <subfield code="0">0</subfield>
    <subfield code="1">0</subfield>
    <subfield code="2">ddc</subfield>
    <subfield code="4">0</subfield>
    <subfield code="7">0</subfield>
    <subfield code="8">CD</subfield>
    <subfield code="a">BPMET</subfield>
    <subfield code="b">BPMET</subfield>
    <subfield code="d">2022-11-23</subfield>
    <subfield code="l">0</subfield>
    <subfield code="o">BPMSU CD RD860.44 R788b 2007</subfield>
    <subfield code="p">BPMSU22110032</subfield>
    <subfield code="r">2022-11-23</subfield>
    <subfield code="w">2022-11-23</subfield>
    <subfield code="y">BK</subfield>
  </datafield>
  <datafield tag="999" ind1=" " ind2=" ">
    <subfield code="c">14342</subfield>
    <subfield code="d">14342</subfield>
  </datafield>
</record>
